Buku Panduan Undang-Undang Angkatan Tentera Malaysia bersama dengan versi Inggeris Manual of Malaysian Armed Forces Law : (Record no. 1806)

000 -LEADER
fixed length control field nam a22 a 4500
003 - CONTROL NUMBER IDENTIFIER
control field AKMAL
005 - DATE AND TIME OF LATEST TRANSACTION
control field 20170512093523.0
008 - FIXED-LENGTH DATA ELEMENTS--GENERAL INFORMATION
fixed length control field 170512s1994 my l 00 may d
020 ## - INTERNATIONAL STANDARD BOOK NUMBER
International Standard Book Number 9678906201 (kkt.):
Terms of availability RM 29.50
040 ## - CATALOGING SOURCE
Original cataloging agency AKMAL
082 04 - DEWEY DECIMAL CLASSIFICATION NUMBER
Classification number 343.59501 BUK
090 ## - LOCALLY ASSIGNED LC-TYPE CALL NUMBER (OCLC); LOCAL CALL NUMBER (RLIN)
Classification number (OCLC) (R) ; Classification number, CALL (RLIN) (NR) 343.59501
Local cutter number (OCLC) ; Book number/undivided call number, CALL (RLIN) BUK
110 1# - MAIN ENTRY--CORPORATE NAME
Corporate name or jurisdiction name as entry element Malaysia
9 (RLIN) 400
240 1# - UNIFORM TITLE
Uniform title Buku Panduan Undang-Undang Angkatan Tentera Malaysia.
Language of a work English
245 10 - TITLE STATEMENT
Title Buku Panduan Undang-Undang Angkatan Tentera Malaysia bersama dengan versi Inggeris Manual of Malaysian Armed Forces Law :
Remainder of title (hingga 25hb. Jun 1994) /
Statement of responsibility, etc. disusun oleh Lembaga Penyelidikan Undang-Undang
260 ## - PUBLICATION, DISTRIBUTION, ETC.
Place of publication, distribution, etc. Kuala Lumpur :
Name of publisher, distributor, etc. International Law Book Services,
Date of publication, distribution, etc. 1994
300 ## - PHYSICAL DESCRIPTION
Extent 492ms. ;
Dimensions 24cm
500 ## - GENERAL NOTE
General note Teks sejajar bahasa Malaysia dan Inggeris
650 ## - SUBJECT ADDED ENTRY--TOPICAL TERM
Topical term or geographic name entry element Military law
Geographic subdivision Malaysia
9 (RLIN) 3732
651 ## - SUBJECT ADDED ENTRY--GEOGRAPHIC NAME
Geographic name Malaysia
General subdivision Armed Forces
-- Regulations
9 (RLIN) 3733
651 ## - SUBJECT ADDED ENTRY--GEOGRAPHIC NAME
Geographic name Malaysia
General subdivision Armed Forces
-- Law and legislation
9 (RLIN) 3734
710 2# - ADDED ENTRY--CORPORATE NAME
Corporate name or jurisdiction name as entry element Lembaga Penyelidikan Undang-Undang
9 (RLIN) 3735
942 ## - ADDED ENTRY ELEMENTS (KOHA)
Source of classification or shelving scheme
Koha item type Book
Holdings
Withdrawn status Lost status Source of classification or shelving scheme Damaged status Not for loan Collection code Home library Current library Shelving location Date acquired Inventory number Total Checkouts Full call number Barcode Date last seen Price effective from Koha item type
          NON-FICTION AKMAL Melaka AKMAL Melaka PINJAMAN 12.05.2017 002970   343.59501 BUK 201705749 12.05.2017 12.05.2017 Book
Pusat Sumber Maklumat Dato' Haji Sarmin Md Hussin, Akademi Kastam Diraja Malaysia, Melaka
Tel: 06-2331106 | Faks: 06-2313787